[Event "Eurotel Trophy sim"]
[Site "Prague"]
[Date "2001.10.20"]
[Round "2"]
[White "Kasparov, Garry"]
[Black "Oral, Tomas"]
[Result "1-0"]
[WhiteElo "2838"]
[BlackElo "2546"]
[Annotator "Ribli,Z"]
[PlyCount "71"]
[EventDate "2001.10.18"]
[EventType "simul"]
[EventRounds "1"]
[EventCountry "CZE"]
[SourceTitle "CBM 086"]
[Source "ChessBase"]
[SourceDate "2002.02.05"]
[SourceVersion "1"]
[SourceVersionDate "2002.02.05"]
[SourceQuality "1"]

1. c4 {Ftacnik} c5 2. Nf3 Nc6 3. d4 {Der "beste Schachspieler der Welt" lässt
Schwarz nicht e7 - e5 spielen - was z.B. nach 3.Nc3 möglich wäre.} cxd4 4. Nxd4
Nf6 (4... e6 {Dieser Zug ist meiner Ansicht nach präziser als die
Partiefortsetzung, denn Schwarz kann nun sofort am Damenflügel spielen (z. B.
mit Bb4 oder Qb6). Der Königsspringer kann später entwickelt werden.}) 5. g3 $5
e6 (5... Qb6 6. Nc2 Ne5 7. b3 $14 Qc6 (7... d5 8. cxd5 Qa5+ 9. Qd2 Qxd5 10.
Qxd5 Nxd5 11. Bg2 $14) 8. Rg1 $36) 6. Bg2 Bc5 7. Nb3 Be7 (7... Bb4+ 8. Nc3 $14
(8. Bd2 $14)) 8. Nc3 d6 (8... O-O 9. O-O b6 $5) 9. Bf4 {Weiß übt positionellen
Druck am Damenflügel aus. Dafür steht der Nb3 nicht besonders gut.} O-O 10. O-O
Nh5 11. Be3 (11. e3 $5 {Dieser Zug kam erstmals in der Partie Karpov,A -
Topalov,V Linares 1994 aufs Brett.} Nxf4 12. exf4 Bd7 (12... Na5 13. Qd3 $2 (
13. Nd2 $16) 13... Nxb3 14. axb3 Qb6 15. Qe3 $5 Qxe3 16. fxe3 a6 17. Rfd1 {
1/2-1/2 Pelletier,Y-Larsen,B/Zurich 1998/EXT 99 (50)}) 13. Qd2 Qb8 14. Rfe1 Rd8
15. f5 $1 $14 Ne5 16. fxe6 Bxe6 17. Nd5 Bxd5 18. Bxd5 Qc7 19. Rac1 (19. f4 $5
$14) 19... Bf6 20. Nd4 {1-0 Teplitsky,Y-Shahade,G/Paget Parish 2001/CBM 81/
[Ribli] (49)}) 11... Ne5 {Schwarz attackiert den Pc4. Weiß ist jedoch besser
entwickelt und hat Aktivität am Damenflügel.} (11... Bd7 12. Rc1 Qb8 13. Qc2
Nf6 14. Rfd1 Rd8 15. Ne4 Qc7 16. Bf4 e5 17. Bd2 Rac8 18. Nc3 Nd4 19. Nxd4 exd4
20. Nd5 {1-0 Pekarek,A-Schulz,K/Berlin-West 1988/TD (66)}) 12. c5 {Der
"katalanische" Läufer auf g2 steht ausgezeichnet, die schwarze Figuren sind
hingegen kaum aktiv.} d5 (12... Nc4 13. cxd6 Bxd6 (13... Qxd6 14. Bc5 $14) 14.
Qd4 Nxe3 15. Qxe3 $14) 13. Bd4 Nc6 14. e4 {Natürlich muss Weiß das Spiel - und
die Diagonalre des Bg2 - öffnen.} Nxd4 (14... Nf6 15. Bxf6 Bxf6 16. exd5 exd5
17. Qxd5 Be6 18. Qf3 {1-0 Smyslov,V-Matulovic,M/Palma de Mallorca 1967/EXT 98 
(65)}) 15. Qxd4 dxe4 16. Qxe4 Nf6 17. Qe5 $5 $146 {[%csl Ge5][%mdl 4] Die Dame
steht ausgezeichnet auf e5 - vor allem nimmt sie der schwarzen Dame das Feld
c7. Ich vermute, dass Kasparov diese Neuerung zu Hause vorbereitet hatte. Denn
er spielte diese Stellung vor 21 Jahren mit Schwarz gegen Mikhalchishin. - Es
ist nun schwierig für Schwarz, die Entwicklung zu beenden.} (17. Qe2 Qc7 18.
Nb5 Qb8 19. Rfd1 a5 20. Rac1 Bd7 21. N3d4 {1/2-1/2 Adorjan,A-Handoko,E/
Indonesia 1983/MCD (30)}) (17. Qf4 Nd5 18. Nxd5 exd5 19. Rad1 Be6 20. Rd3 Rc8
21. Bxd5 Bxd5 22. Rfd1 Bxc5 23. Rxd5 {1/2-1/2 Mikhalchishin,A-Kasparov,G/Baku
1980/EXT 2000 (42)}) 17... Bd7 (17... Nd7 18. Qe3 $16 {[%csl Gc5,Rc8,Rd8][%cal
Gg2a8]} e5 19. Rfd1 $14) 18. Bxb7 $16 Qb8 19. Qxb8 Raxb8 20. Ba6 {Weiß hat
einen gesunden Mehrbauern.} (20. c6 $2 Bc8 21. Bxc8 (21. Na5 Bb4 $15) 21...
Rfxc8 $11) 20... Bc8 (20... Rxb3 {Ftacnik} 21. axb3 Bxc5 22. Bb5 $16) 21. Bb5 {
Das ist das Schlüsselmotiv in dieser Partie - Weiß muss die Läufer nicht
tauschen.} (21. Bxc8 $6 Rfxc8 $11) 21... Bb7 {'?' Ftacnik. Ftacnik: 'This move
is obviously passive and the punishment will be painful.'} (21... Nd5 $1 {
Ftacnik} 22. Nxd5 exd5 23. Bd3 (23. Bc6 {Ftacnik} Be6 24. Rfd1 d4 25. Rxd4 Bxb3
26. axb3 Bxc5 $14) 23... Bf6 24. Rab1 Be6 $14) 22. c6 Ba8 23. Rfd1 Bb4 (23...
Rfc8 24. Nd4 $16) (23... Nd5 $2 {Ftacnik} 24. Nxd5 exd5 25. Rxd5 $18) 24. Nd4
$1 {Ftacnik: 'An excellent piece sacrifice, white wins very elegantly with the
help of the mighty c7 pawn.'} Bxc3 (24... e5 {Ftacnik} 25. Nf5 Bxc3 26. c7 (26.
bxc3 {Ftacnik}) 26... Bxb2 27. Rab1 Ba3 28. cxb8=Q Rxb8 29. Ba6 $16) 25. bxc3 {
[%csl Gc6]} e5 {Es scheint, als sollte Schwarz Material gewinnen, aber
Kasparov hatte schon alles berechnet...} (25... Rfc8 26. Rab1 $16 (26. f4 $16))
26. Nf5 Rxb5 {Dieser Zug verliert. Guter Rat war hier aber ohnehin schon teuer.
} 27. Ne7+ Kh8 28. c7 {[%csl Gc7][%cal Rc7c8]} Bb7 (28... Rc5 29. Rd8 $18) 29.
Rab1 $1 {[%mdl 1024] Ftacnik: 'The key move, black pieces are no match for the
dangerous c7 pawn.' Das ist die Pointe des weißen Spiels. Früher oder später
muss Schwary die Türme tauschen, und danach ist der Bb7 angegriffen.} (29. Rd8
$2 Re8 30. Rxe8+ (30. Rad1 {Ftacnik} h5 31. c8=Q Bxc8 32. Rxe8+ Nxe8 33. Nxc8
Kh7 34. Nxa7 Rc5 $14) 30... Nxe8 31. c8=Q Bxc8 32. Nxc8 a5 $11) 29... Rxb1 (
29... a6 30. c4 Rxb1 31. Rxb1 $18) 30. Rxb1 Ba6 31. Rb8 Re8 32. c4 $1 $18 {
Eine ungewöhnliche Stellung - Schwarz hat zwar eine Figur mehr, befindet sich
aber so gut wie in Zugzwang.} g6 $6 (32... h6 33. Nc6 $18 (33. c5 $18)) 33. Nd5
Rc8 34. Nxf6 Kg7 35. Rxc8 Bxc8 36. Ne8+ {[%cal Re8g7,Re8d6]} 1-0

[Event "Dos Hermanas"]
[Site "Dos Hermanas"]
[Date "1997.04.09"]
[Round "7"]
[White "Salov, Valery"]
[Black "Karpov, Anatoly"]
[Result "1/2-1/2"]
[WhiteElo "2665"]
[BlackElo "2760"]
[Annotator "Ribli,Z"]
[PlyCount "49"]
[EventDate "1997.04.01"]
[EventType "tourn"]
[EventRounds "9"]
[EventCountry "ESP"]
[EventCategory "19"]
[SourceTitle "CBM 059"]
[Source "ChessBase"]
[SourceDate "1997.08.01"]
[SourceVersion "1"]
[SourceVersionDate "1997.08.01"]
[SourceQuality "1"]

1. Nf3 Nf6 2. c4 c5 3. Nc3 Nc6 4. d4 cxd4 5. Nxd4 e6 6. Ndb5 d5 7. Bf4 {
In dieser Variantie läßt Weiß seinem Gegner keine Gewinnchancen. Meiner
Meinung nach ist die Remisbreite bei normalem Speilverlauf sehr groß,Weiß hat
nur sehr geringe Gewinnchancen.Ribli.} e5 8. cxd5 exf4 9. dxc6 {[#]} bxc6 (9...
Qb6 $5 10. Nd6+ Bxd6 11. Qxd6 bxc6 12. Rd1 Be6 13. g3 fxg3 14. hxg3 Rd8 15.
Qxd8+ Qxd8 16. Rxd8+ Kxd8 17. Bg2 Kc7 {1/2-1/2 Tratar,M-Rotstein,A/Bled op-B
1996 (28)}) 10. Qxd8+ Kxd8 {[%csl Rc6,Rd8,Gf4]} 11. Nd4 {In dieser Variante
hat Weiß die viel bessere Bauernstruktur, aber das schwarze Läuferpaar
kompensiert diesen Nachteil.Andererseits stört der Pf4 den weißen Königsflügel.
Ribli.} (11. Rd1+ Bd7 12. Nd6 Bxd6 13. Rxd6 Rb8 14. Rd2 Re8 (14... Ke7 15. g3
fxg3 16. hxg3 Rb4 17. Bg2 c5 18. Nd5+ Nxd5 19. Bxd5 Bf5 20. f3 h6 21. e4 Be6
$10 {Wojtkiewicz,A-Eingorn,V Tilburg1. 1992 CBM/32}) 15. g3 f3 $10 {
Hjartarsson,J-Sokolov,A Belfort WCup 1988 45/(43) CBM 8}) 11... Bb7 $1 {
Die vom amerikanischen Großmeister de Firmian in die Turnierpraxis eingeführte
Fortsetzung, zugleich das letzte Wort in der Eröffnungstheorie.Ribli.} (11...
Bd7 12. g3 fxg3 $1 (12... Rb8 13. O-O-O Kc7 14. gxf4 Ng4 15. Rd2 Nxf2 16. Rg1
g6 17. Bg2 Ng4 $2 (17... Bg7 18. e4 $5) 18. Bxc6 $1 Bxc6 19. Rxg4 Bd6 20. Rc2
$1 $16 {1-0 Azmaiparashvili,Z-Wolff,P/Wijk op 1993 (37)}) (12... c5 $6 13. Nf3
Bc6 14. Bg2 Bd6 15. O-O Rb8 16. b3 Re8 17. Rfd1 Kc7 18. Rac1 Rb4 19. Ne1 Bb5
20. Nc2 {1-0 Palatnik,S-Loeffler,S/Hradec Kralove 1988}) (12... Bd6 13. Bg2 Rc8
14. O-O fxg3 15. hxg3 h5 16. Rad1 Kc7 17. Bxc6 Bxc6 18. Ndb5+ {1-0 Ligterink,
G-Hulak,K/EU-chT Plovdiv 1983 (45)}) 13. hxg3 Bb4 $1 14. Bh3 (14. Bg2 Bxc3+ 15.
bxc3 Kc7 $10 {Timman,J-Gligoric,S/Volmac-Partizan/1984/INF37,44/}) 14... Bxc3+
15. bxc3 Bxh3 16. Rxh3 Kc7 17. Rh4 h5 {1/2-1/2 Dyachkov,S-Shariyazdanov,A/
RUS-chJ U20 1996 (25)}) 12. g3 (12. Rd1 Kc7 13. g3 Rd8 14. Bg2 Rxd4 15. Rxd4 c5
16. Rd5 Nxd5 17. Bxd5 fxg3 18. hxg3 Bxd5 19. Nxd5+ Kc6 {1/2-1/2 Adianto,U-De
Firmian,N/Amsterdam Donner 1996}) 12... c5 13. Nf3 Bd6 14. Bg2 Rb8 15. O-O-O
Ke7 16. Nh4 $146 (16. e3 $2 fxe3 17. Rhe1 Rhd8 18. Rxe3+ Kf8 19. h3 g6 20. Ne1
Ba6 21. Nc2 Be7 {Salov,V-De Firmian,N/Amsterdam Donner 1996/0-1 (50)}) 16...
Bxg2 17. Nxg2 fxg3 (17... Ng4 18. Ne4 Be5 $13) 18. hxg3 Be5 $11 {[%cal Yb8b2,
Ye5b2] Jetzt hat Schwarz nur einen schwachen Pc5, aber sein Be5 ist sehr stark
und sein für das Endspiel immer wichtige König steht aktiv.Ribli.} 19. Ne3 Ke6
$1 (19... Bxc3 20. Nf5+ Kf8 (20... Ke6 21. Nxg7+) 21. bxc3 $14 {Schwarz hat
Probleme bei der Koordination seiner Figuren.Ribli.}) 20. Nc4 Rb4 (20... Bxc3
21. bxc3 Rhd8 $11) 21. Nxe5 Kxe5 22. Rd2 (22. e3 $5 {Mit diesem Zug
unterbindet Weiß Rb4-d4.}) 22... Rd4 (22... h5 $5 {In dieser Stellung hat
Schwarz Ausgleich, er kann sich später mit g7-g5 und h5-h4 einen gefährlichen
entfernten Freibauern bilden. Aber das ist ein sehr langfristiger Plan, und im
Moment steht der schwarze König nicht sicher genug für ein solches Vorhaben.
Ribli.}) 23. e3 Rxd2 24. Kxd2 Rb8 25. b3 {Und hier einigten sich die
Kontrahenten auf Remis. Weiß hat nur einen mikroskopisch kleinen Vorteil (der
schwarze Pc5 ist isoliert).Ribli.} 1/2-1/2

[Event "Cannes NAO Masters"]
[Site "Cannes"]
[Date "2002.03.02"]
[Round "8"]
[White "Lautier, Joel"]
[Black "Topalov, Veselin"]
[Result "0-1"]
[WhiteElo "2687"]
[BlackElo "2739"]
[Annotator "Ribli,Z"]
[PlyCount "82"]
[EventDate "2002.02.22"]
[EventType "tourn"]
[EventRounds "9"]
[EventCountry "FRA"]
[EventCategory "18"]
[SourceTitle "CBM 088"]
[Source "ChessBase"]
[SourceDate "2002.03.21"]
[SourceVersion "1"]
[SourceVersionDate "2002.03.21"]
[SourceQuality "1"]

1. d4 Nf6 2. c4 e6 3. Nf3 c5 {GM Topalov spielt gerne die Benoni-Verteidigung
- die könnte hier nach 4.d5 entstehen.} 4. Nc3 cxd4 5. Nxd4 Nc6 (5... Bb4) 6.
a3 {Die Hauptidee des Zugs besteht darin, die Fesselung des Nc3 durch Bb4 zu
umgehen. Der Alternativen gibt es viele: 6.g3, 6.Bg5, 6.Bf4, 6.Nbd5.} Nxd4 (
6... Be7) (6... Bc5 7. Nb3 Be7) (6... d5) 7. Qxd4 b6 {Schwarz beabsichtigt Bc5
zu spielen und den weißfeldrigen Läufer nach b7 zu entwickeln.} 8. Qf4 (8. e4
Bc5) (8. Bf4) 8... Bb7 (8... Be7 9. e4 d6 10. Qg3 O-O 11. Bh6 Ne8 12. Bd2 Nf6
13. Bh6 Ne8 14. Bd2 {1/2-1/2 Nogueiras,J-Hansen,C/Istanbul 2000/EXT 2001 (14)})
9. e4 d6 10. Bd3 {Jetzt haben wir eine Igelstellung auf dem Brett. Weiß
kontrolliert mehr Raum, aber die schwarze Stellung ist solide.} (10. Be2 Be7
11. O-O O-O 12. Rd1 Qb8 13. b3 Rd8 14. Bb2 Bc6 15. Qg3 Bf8 16. Bf3 Nd7 17. Rab1
a6 18. a4 Nc5 19. Ba1 Qc7 20. Re1 Rac8 21. h4 {1-0 Gorbatow,A-Lengyel,L/
Budapest 1997/CBM 61 ext (30)}) (10. Be3 Be7 11. Bd3 O-O 12. O-O Nd7 13. Qg3
Ne5 $11) 10... Nd7 $5 $146 {[%cal Gd7e5,Gd7c5][%mdl 4] Der Springer strebt
nach e5 oder c5. Der natürliche Entwicklungszug 10...Be7 eröffnet Weiß
hingegen Angriffschancen.} (10... Be7 11. Qg3 $1 O-O 12. Bh6 Ne8 13. Bd2 Rc8
14. O-O Bf6 15. Rac1 g6 16. b3 a6 17. Qe3 $6 (17. Rfd1 $142 Bg7 18. Bg5) 17...
Bg7 {2.23/2.19. 1-0 Kortschnoj,V-Sax,G/Wijk aan Zee 1991/Candidates/
[Kortschnoj] (45)}) (10... Rc8 11. O-O Ba6 12. b3 g6 13. Bb2 Bg7 14. Rad1 O-O
15. Be2 Nd7 16. Na4 {1-0 Speelman,J-Kinsman,A/Hove 1997/EXT 99 (28)}) 11. Qg3 {
Mit diesem Zug unterbindet Weiß die Entwicklung des Bf8 nach e7.} (11. O-O Be7
(11... Rc8) 12. Qg3 O-O 13. Bh6 Bf6) 11... a6 {Wer "den Igel" spielt, kommt um
diesen Zug nicht herum. Anschließend kann Schwarz Qc7 spielen.} (11... Be7 12.
Bf4 O-O 13. Rd1 (13. Bxd6 Bxd6 14. Qxd6 Nc5 $44) 13... Bh4 14. Qh3 $6 (14. Qe3
e5 15. Bg3 f5 16. Bxh4 Qxh4 17. Nb5 Nc5 18. Nxd6 Nxd3+ 19. Rxd3 Bxe4 20. Nxe4
fxe4 21. Rd5 $14) 14... Ne5 $13) 12. O-O g6 {Schwarz muss so spielen, wenn er
den Bf8 entwickeln möchte.} (12... Rc8 13. f4 $14) 13. Bf4 {[%cal Gg3d6] Weiß
greift den Pd6 an, aber hier wie in ähnlichen Stellungen kann Schwarz diese
Schwäche leicht verteidigen.} (13. Rd1) 13... Qc7 {Weiß hat großen
Entwicklungsvorsprung, aber die schwarze Stellung ist elastisch.} (13... h5 $5
14. Rfd1 h4 $13) 14. Bc2 (14. Rad1 $5) 14... h5 $5 {[%cal Gh5h4,Gh4g3] Ein
origineller Spielplan - Schwarz beabsichtigt, die Qg3 mit 15...h4 zu verjagen.
Danach wäre Ne5 oder Be7 möglich} (14... Qxc4 15. Bxd6 Bxd6 16. Qxd6 $14) (
14... e5 15. Be3 Qxc4 16. Rac1 Be7 17. Rfd1 $36) 15. Ba4 {[%cal Ga4e8]} (15.
Rfd1 h4 16. Bxd6 hxg3 17. Bxc7 gxf2+ 18. Kxf2 Rc8 $11) 15... Bc6 (15... h4 $6)
16. Bxc6 Qxc6 $11 {Der Pd6 ist verteidigt, und die Dame steht aktiv auf c6.
Wie soll Weiß seinen Entwicklungsvorsprung nun auszunutzen versuchen?} 17. h4
$6 {Damit legt Weiß die Bauern am Königsflügel fest, aber in der Folge wird
der Ph4 schwach.} (17. b3) (17. Rad1 h4 $11) (17. Rfd1 $5) 17... Be7 (17...
Qxc4 $6 18. Rfd1 $1 (18. Bxd6 Bxd6 19. Qxd6 Qc5 20. Qg3 O-O 21. Rfe1 $14) 18...
Bg7 19. Rxd6 Bxc3 20. bxc3 Qxe4 21. Rad1 $18) 18. Rad1 (18. Rfd1 $1) 18... Ne5
(18... Qxc4 $2 19. Bxd6 $16) 19. Bxe5 $6 {Weiß ist optimistisch und erobert
vorübergehend einen Bauern.} (19. b3 O-O 20. a4 Bf6 21. Rd2 Rfd8 22. Rfd1 $11)
19... dxe5 20. Qxe5 O-O $44 {[%csl Rc4,Gc6,Ge7,Rh4] Schwarz hat einen Bauern
weniger, konnte aber endlich die Entwicklung beenden. Momentan hängen sowohl
der Pc4 als auch der Ph4.} 21. Qf4 $6 (21. g3 $142 Qxc4 (21... Rad8 $6 22. Rxd8
Rxd8 23. Nd5 Bxh4 (23... exd5 $2 24. Qxe7 $18) 24. gxh4 (24. Nb4 Qc5 (24...
Qxc4 25. gxh4 a5 26. b3 $18) 25. Qxc5 bxc5 26. Nxa6 Be7 27. b4 $16) 24... exd5
25. cxd5 $16) 22. Rd7 Rfe8 $11) (21. Rd4 Bxh4 $15) 21... Qxc4 $15 22. Rd7 (22.
Rc1 $5) 22... Bxa3 $1 {Damit gewinnt Schwarz einen Bauern.} 23. bxa3 Qxc3 24.
Qd6 (24. Rb1 b5 25. Qd6 Qf6 $15) 24... b5 25. Rd1 {[%cal Gd1d7] Weiß hat
starke Kontrolle über die d-Linie, die Realisierung des Materialvorteils ist
daher keine leichte Sache für Schwarz.} Qf6 26. g3 (26. Qg3 $142 Rac8 27. e5
Qf5 $15) 26... Rfc8 {[%cal Gc8c2]} 27. Kg2 (27. e5 Qf5 $15) 27... Rc2 28. Qb6
$6 (28. Qd4 $1 Qxd4 29. R1xd4 $15 {In diesem Turmendspiel hat Weiß bessere
Remischancen als in der Partie.}) 28... Rac8 {[%cal Gc8c1] Schwarz
kontrolliert die c-Linie.} 29. R1d3 (29. R1d2 Rxd2 30. Rxd2 Rc3 $1 31. Qxa6
Qf3+ 32. Kh2 Rc1 $19) 29... R8c3 $17 30. Qe3 Rxd3 31. Rxd3 Qe5 {[%csl Gc2,Ge5]
[%cal Gc2c4,Gc4e4][%mdl 4096] Schwarz hat nicht nur einen Mehrbauern, sondern
auch die aktiveren Figuren.} 32. Qf3 Rc4 33. Re3 $6 (33. Rd7 Qxe4 34. Rxf7
Qxf3+ 35. Rxf3 Ra4 $17) 33... Kg7 $1 {Schwarz muss sich nicht beeilen - sein
Gegenüber ist machtlos und zum Abwarten verurteilt.} 34. Qe2 Qd4 {[%csl Gc4,
Gd4,Re2,Re3]} 35. e5 (35. Qe1 e5 36. Qb1 Rc3 37. Rxc3 Qxc3 $19) 35... Rc3 $1
36. Qb2 (36. Rxc3 Qxc3 $19 {[%csl Ra3,Re5]}) 36... Qd5+ 37. Kh2 Rxe3 38. fxe3 {
Weiß hat einen Bauern weniger und eine sehr schlechte Bauernstruktur.} Qc5 $19
{[%csl Re3,Re5] Mit diesem Zug gewinnt Schwarz einen weiteren Bauern und die
Partie.} 39. e4 Qe3 {[%csl Ge3]} 40. Qb4 Qf2+ 41. Kh3 Qg1 {[%csl Rh3][%cal
Rg1h1,Rh1h3]} (41... Qg1 42. Qb2 Qh1+ 43. Qh2 Qxh2+ 44. Kxh2 a5 $19) 0-1

[Event "Madrid"]
[Site "Madrid"]
[Date "1992.??.??"]
[Round "3"]
[White "Salov, Valery"]
[Black "Yudasin, Leonid"]
[Result "1-0"]
[WhiteElo "2655"]
[BlackElo "2580"]
[Annotator "Ribli,Z"]
[PlyCount "117"]
[EventDate "1992.05.??"]
[EventType "tourn"]
[EventRounds "9"]
[EventCountry "ESP"]
[EventCategory "13"]
[SourceTitle "CBM 030"]
[Source "ChessBase"]
[SourceDate "1992.10.01"]
[SourceVersion "1"]
[SourceVersionDate "1992.10.01"]
[SourceQuality "1"]

1. Nf3 c5 2. c4 Nf6 3. Nc3 Nc6 4. d4 cxd4 5. Nxd4 e6 6. a3 Qc7 $5 7. Ndb5 (7.
Bg5 a6 8. e3 Be7 9. Rc1 O-O 10. Be2 b6 11. Bf4 Ne5 12. O-O Bb7 13. Bg3 $13 {
Wojtkiewicz,A-Przewoznik,J POL-ch 1992 EXP/29}) 7... Qb8 8. g3 a6 9. Nd4 Qc7 (
9... d6 10. Bg2 Bd7 11. O-O Be7 $13) 10. Bg2 Be7 11. O-O Ne5 12. Bf4 d6 13. Rc1
O-O (13... Nxc4 $2 14. b3 Ne5 15. Ncb5 $18) 14. Na4 Ng6 15. Be3 Ng4 16. Bd2 Bf6
17. e3 N4e5 18. c5 $1 $14 d5 19. Nb6 Rb8 20. b4 Nd7 21. Nxc8 Rbxc8 22. Qb3 b6
23. cxb6 Qxb6 24. Nf3 h6 25. Rxc8 Rxc8 26. Rc1 Rxc1+ 27. Bxc1 Nge5 28. Nxe5
Nxe5 29. Bb2 Qb5 (29... Nc4 $5 30. Bxf6 gxf6 31. Bf1 Qc6 32. a4 Kg7 33. b5 axb5
34. axb5 Qc5 $10) 30. Bxe5 Bxe5 31. Bf1 Qc6 32. Qd3 Bb2 33. Qb3 Bf6 34. Bd3 g6
35. a4 Bd8 36. a5 Be7 37. b5 axb5 38. Bxb5 Qc1+ 39. Bf1 Qc7 40. a6 Bc5 41. Qc2
Qd6 42. Kg2 Ba7 43. Bd3 d4 $6 (43... Kg7 $5) 44. e4 Qc5 45. Qa4 Qc3 46. Qb5 Qd2
47. h4 Kf8 48. e5 Kg7 49. Qb1 Bc5 50. Qb3 Ba7 51. Qb5 Kf8 52. Qb7 $1 Qxd3 53.
Qxa7 Qe4+ 54. Kh2 Qe2 55. Qb7 $1 d3 56. a7 Qxf2+ 57. Kh3 d2 58. a8=Q+ Kg7 59.
Qf3 1-0

[Event "Porz Citroen-Cup"]
[Site "Cologne"]
[Date "1992.??.??"]
[Round "2"]
[White "Smejkal, Jan"]
[Black "Lau, Ralf"]
[Result "0-1"]
[WhiteElo "2525"]
[BlackElo "2520"]
[Annotator "Ribli,Z"]
[PlyCount "112"]
[EventDate "1992.08.??"]
[EventType "tourn"]
[EventRounds "9"]
[EventCountry "GER"]
[EventCategory "9"]
[SourceTitle "CBM 031"]
[Source "ChessBase"]
[SourceDate "1992.12.01"]
[SourceVersion "1"]
[SourceVersionDate "1992.12.01"]
[SourceQuality "1"]

1. Nf3 c5 2. c4 Nc6 3. d4 cxd4 4. Nxd4 Nf6 5. Nc3 e6 6. g3 Qb6 7. Nb3 Ne5 8. e4
Bb4 9. Qe2 d6 10. f4 Nc6 11. Be3 Bxc3+ 12. bxc3 Qc7 13. Bg2 O-O $5 (13... e5
14. c5 $1 dxc5 15. Bxc5 Bg4 16. Qe3 b6 17. Ba3 $14 {Smejkal,J-Gdanski,J
Polanica Zdroj 1991 CBM/26}) 14. c5 (14. O-O e5 $2 (14... b6 $5) 15. f5 b6 16.
g4 Ne8 17. g5 Ba6 18. Rf3 Na5 (18... f6 $5) 19. Nxa5 bxa5 20. Rh3 $16 {
Moutousis,K-Wojtkiewicz,A Athens Akropolis 1992 CBM/30 54/(40)}) 14... dxc5 $1
15. Bxc5 Rd8 16. e5 (16. O-O e5 $1 17. fxe5 Nxe5 18. Bd4 Be6 $10 {Drasko,
M-Fette,M Budapest Autoteam 1991 EXP/26}) 16... Na5 $1 17. Qb5 Nxb3 18. axb3
Bd7 19. Qc4 (19. Qb4 Bc6 20. Bd6 Qd7 21. O-O Bxg2 22. Kxg2 Qc6+ 23. Rf3 Ne4 24.
Rd1 b5 25. c4 a6 26. c5 a5 27. Qd4 Nxc5 $17 {Azmayparashvili,Z-Arnason,J
Reykjavik op 1990 EXP/18}) 19... b5 $1 20. Qd4 Bc6 21. Bd6 Bxg2 22. Bxc7 Rxd4
23. cxd4 Bxh1 24. exf6 gxf6 $15 25. b4 a6 26. Rc1 Bd5 27. Rc5 Kg7 28. f5 Be4
29. fxe6 fxe6 30. Kd2 Bd5 31. Ke3 h5 32. Ba5 Kh6 33. Rc7 Bc4 34. Bb6 h4 $1 35.
gxh4 Rg8 36. Rf7 Kg6 37. Ra7 Rh8 38. Rxa6 Rxh4 39. Bc7 Kf5 $17 40. Bb6 Rxh2 41.
Ra7 Rh3+ 42. Kf2 Ke4 43. Rg7 Rf3+ 44. Kg2 Rb3 45. Bc5 f5 46. Rh7 Rb2+ 47. Kg1
Bd5 48. Rh4+ Kd3 49. Kf1 f4 50. Bd6 (50. Rxf4 Ke3 $19) 50... f3 51. Rh2 Rb1+
52. Kf2 Kxd4 53. Rh4+ Be4 54. Bc5+ Kd3 55. Rg4 Rb2+ 56. Kf1 Bd5 0-1